Intuition, theory and anti-theory in ethics

Αποθηκεύτηκε σε:
Λεπτομέρειες βιβλιογραφικής εγγραφής
Άλλοι συγγραφείς: Chappell, Sophie Grace, 1964- (edtf)
Μορφή: Βιβλίο
Γλώσσα:English
Δημοσίευση: Oxford : Oxford University Press, c 2015.
Σειρά:Mind association occasional series
Θέματα:
Ετικέτες: Προσθήκη ετικέτας
Δεν υπάρχουν, Καταχωρήστε ετικέτα πρώτοι!

MARC

LEADER 00000nam a2200000 a 4500
001 1/112432
008 161130s2015####uk | ||| |||| ||eng||
020 |a 9780198713227 
040 |a GR-MyUa  |b gre  |c GR-MyUa  |e AACR2 
041 0 |a eng 
082 7 |a 170   |2 (23) 
245 0 0 |a Intuition, theory and anti-theory in ethics /   |c επιμέλεια: Sophie Grace Chappell.  
260 |a Oxford :   |b Oxford University Press,   |c c 2015.  
300 |a 230 σ. ;   |c 25 εκ.  
490 1 |a (Mind association occasional series). 
650 0 |a Ethics. 
650 0 |a Intuition. 
700 1 |a Chappell, Sophie Grace,   |d 1964-  |e edtf 
830 0 |a Mind association occasional series 
852 |a INST  |b RHODES  |e 20161130  |h 170 INT  |p 005400038944  |q 005400038944  |t BK  |y 0 
922 |a 4ΕΛΗ  |b 2016/07  |c ΤΑΚ/ΒΙΒ  |d ΔΙΑΔΡΟΜΕΣ 
970 |z 30-11-2016